1613 1472 1821 1946 1250 1320 1156 1143 1748 1127 1012 1009 1094 1804 1868 1271 1315 1980 1159 1963 1140 1713 1283 1766 1070 1439 1709 1292 1211 1414 1754 1558 1429 1204 1462 2000 1449 1901 1568 1764 1559 1723 1651 1070 1111 1941 1171 1935 1035 1189 1306 1101 1901 1488 1668 1108 1456 1496 1846 1970 1051 1822 1409 1824 1896 1943 1202 1958 1046 1572 1698 1943 1511 1260 1004 1313 1139 1279 1892 1993 1116 1990 1981 1421 1392 1742 1673 1244 1122 1540 1734 1183 1989 1422 1566 1668 1350 1000 1604 BCNSPRNW ULIB Ver.6.0+V

เปลี่ยนเป็นภาษาไทย

Change to English
 แสดงรายละเอียดบรรณานุกรม
  กลับหน้าหลัก

Brief Record : Get Marc (ISO 2709) : E-mail record : QR code < ปิดหน้าต่าง
LEADER : 00000nam 2200000uu 4500
001    13399122741
003     ULIB
008    020711s2545 th a 000 0 tha d
020    9749047028
050    HD69T54^bท165ก
100    Brian Tracy
245    กินกบตัวนั้นซะ =^bEat that frog /^cBrian Tracy
250    พิมพ์ครั้งที่ 1
260    กรุงเทพฯ :^bTree Publishing,^c2545
300    121 หน้า
700    วรรธนา วงษ์ฉัตร,^eแปล
945    ^p160^l0^i015431
999    ^aกัณชพร
รายการนี้ยังไม่มีแท็ก
คุณยังไม่ได้ล็อกอิน คุณสามารถมีกิจกรรมร่วมกับเว็บไซต์ได้ แต่ต้องล็อกอินก่อน ::
  ล็อกอิน

รายการสื่อสารสนเทศ

ลำดับที่ ประเภท เลขเรียก/บาร์โค้ด สถานที่ สถานะ
1. การศึกษาทั่วไป
การศึกษาทั่วไป
HD69T54 ท165ก ฉ.1 
  Barcode: 015431
ห้องสมุดวิทยาเขตนครสวรรค์
►หนังสือทั่วไป:l:General Books
บนชั้น

BibComment


ยังไม่เคยถูกคอมเมนท์

คอมเมนท์ทรัพยากรรายการนี้
  คอมเมนท์: กินกบตัวนั้นซะ E..


 Copyright 2026. Bcnsprnw @Library